UK Commercial Property Monitor (Record no. 121694)
[ view plain ]
| 000 -LEADER | |
|---|---|
| fixed length control field | 01547nam a22001937a 4500 |
| 008 - FIXED-LENGTH DATA ELEMENTS--GENERAL INFORMATION | |
| fixed length control field | 231102s2023 xxk|||||o|||| 00| 0 eng d |
| 041 ## - LANGUAGE CODE | |
| Language code of text/sound track or separate title | eng |
| 110 ## - MAIN ENTRY--CORPORATE NAME | |
| Corporate author | Royal Institution of Chartered Surveyors |
| 245 ## - TITLE STATEMENT | |
| Title | UK Commercial Property Monitor |
| Subtitle | Q3 2023 |
| Medium | [Electronic resource] |
| 260 ## - PUBLICATION INFORMATION | |
| Place of publication | London, |
| Publisher | Royal Institution of Chartered Surveyors, |
| Date | October 2023 |
| 490 ## - SERIES TITLE | |
| Series statement | RICS UK Commercial Property Monitor |
| Volume | Q3 2023 |
| 520 ## - ABSTRACT | |
| Abstract | RICS Q3 UK Commercial Property Monitor<br/>Occupier and investor demand metrics remain in negative territory at UK-wide level<br/>58% of respondents still perceive the market to be in a downturn phase, while 24% sense conditions are consistent with the bottom of the cycle<br/>Activity remains relatively downbeat. Tighter financial conditions and a sluggish economic backdrop weigh on activity across both the investor and occupier markets. More than 75% of contributors envisage pressure on corporate cash-flows intensifying over the next year. That said, while the outlook for overall rents and capital values is still slightly negative, there is somewhat better performance anticipated across prime markets as well as for some alternative sectors. |
| 650 ## - KEYWORDS | |
| Keywords | COMMERCIAL PROPERTY |
| 651 ## - SUBJECT ADDED ENTRY--GEOGRAPHIC NAME | |
| Geographic name | United Kingdom |
| 690 ## - BROAD SUBJECT | |
| 9 (RLIN) | 6227 |
| Broad subject | Commercial property |
| 710 ## - ADDED CORPORATE NAME | |
| Added corporate author | Royal Institution of Chartered Surveyors |
| 856 ## - ONLINE RESOURCE | |
| Uniform Resource Identifier | <a href="https://www.rics.org/content/dam/ricsglobal/documents/market-surveys/global-commercial-property-monitors/Q3-2023-RICS-UK-Commercial-Propety-Monitor.pdf">https://www.rics.org/content/dam/ricsglobal/documents/market-surveys/global-commercial-property-monitors/Q3-2023-RICS-UK-Commercial-Propety-Monitor.pdf</a> |
| Public note | Available free on RICS.org |
| 942 ## - ADDED ENTRY ELEMENTS (KOHA) | |
| Suppress in OPAC | Do not suppress in OPAC |
| Lost status | Damaged status | Not for loan | Current library | Shelving location | Date acquired | Total Checkouts | Date last seen | Price effective from | Koha item type |
|---|---|---|---|---|---|---|---|---|---|
| Virtual | Online | 02/11/2023 | 02/11/2023 | 02/11/2023 | Online material |